00460nam a2200133 a 450000100100000000500170001000800410002702000230006804000250009110000360011624501240015226000330027630000170030900004407220201002045129.0140515s1874 mx 000 0 spa d a9700710149 (v. II) aDO-SdBNPbspacBNPHU1 aDíaz de León, Marco Antonio10aDiccionario de derecho procesal penal :by de términos usuales en el proceso penal /cMarco Antonio Díaz de León. aMéxico :bPorrúa,c1874. av. ;c24 cm.